000 00791nam a2200277Ia 4500
003 OSt
005 20220912151546.0
006 a|||||r|||| 00| 0
007 ta
008 220909b |||||||| |||| 00| 0 eng d
024 _a41968
037 _cTextual
040 _aCSL
_beng
_cCSL
041 _aeng
082 _aD65,8(B)92, M9
100 _aCioni Gianna Ed.
245 0 _aAdvanced programming methodologies
260 _aLondon
_bAcademic Press
_c1989
300 _a368p.
_ccm.
490 _aA P I C studies in data processing; 30
650 _a Computer programming language
650 _aComputer science
700 _a Salwicki Andrzej Ed.
942 _hD65,8(B)92, M9
_cTEXL
_2CC
999 _c71321
_d71321